000 00624nas a22001937a 4500
003 NALT
005 20210803153625.0
008 180212b xxu||||| |||| 00| 0 tha d
022 _a16851668
040 _aNALT
041 0 _atha
245 1 0 _aJet-Boat & Travel Magazine
260 3 _aกรุงเทพฯ :
_bเจ็ตโบ๊ต พับลิชชิ่ง
310 _aรายสองเดือน
500 _aยุติการบอกรับหลัง ฉบับที่ 1 (พ.ย. 2561-ม.ค. 2562)
850 _aNALT
942 _cJNR
_s1
998 _b34
_d2017-02-02 14:35:37.910
_j755
_k จินตนา เอี่ยมคง
999 _c91932
_d91932